| 000 | 01720nam a2200385 c 4500 | ||
|---|---|---|---|
| 003 | BLK | ||
| 005 | 20240623004104.0 | ||
| 008 | 180409b bul|||||r ||||||| ||bul|| | ||
| 010 | _aKNG00108523000 | ||
| 020 |
_a954-742-057-7 _bиздат.: Слънце |
||
| 040 | _aBLK | ||
| 041 |
_aBUL _cBUL |
||
| 080 |
_aБългарска литература _b821.163.2 _x-94 _z821.163.2-94 |
||
| 080 |
_aБългарска литература _b821.163.2 _x(092) _z821.163.2(092) |
||
| 080 |
_aБългарски белетрист, драматург, публицист _b929 Хайтов, Николай Александров _x _z929 Хайтов, Николай Александров |
||
| 700 | 1 |
_aБожилова, Жени Панайотова _eпослесл. от _9363346 |
|
| 139 |
_aХайтов, Николай Александров _bХ 21 |
||
| 245 | 1 | 0 |
_aПрез сито и решето _bЖивотоописание _cНиколай Александров Хайтов; послесл. от Жени Панайотова Божилова. |
| 257 | _aBGR | ||
| 260 |
_аСофия _bСлънце _c2003 _fСофия : Инвестпрес |
||
| 300 |
_a464 с., 8 л. _bсн. _c20 см |
||
| 380 | _aX | ||
| 490 | 1 | _aПрочутите | |
| 500 | _aИзд. е спечелило конкурс на Нац. център за кн. | ||
| 650 | 0 |
_aПисатели, български _9241944 |
|
| 653 | _aбиографии | ||
| 653 | _aбългарски писатели | ||
| 653 | _aНиколай Хайтов | ||
| 852 | _aЦб 216426 | ||
| 856 | 4 |
_qpdf _u |
|
| 856 | 4 |
_qpdf _u |
|
| 942 |
_cKNG _n0 _013 |
||
| 944 |
_aCR _c23.10.2003 _k _lCRON CRON |
||
| 944 |
_aED _c07.04.2009 _k |
||
| 999 |
_c103449 _d103449 |
||